100 Biggest Cities of Albania on a Map - Statistics

General Stats
  • This quiz has been taken 278 times
  • The average score is 13 of 100
Answers on the Map
Answers color-coded by a green-red scale on the quiz's map according to % correct below.
 
Answer Stats
Population City % Correct
418,495 Tirana [Tiranë]
98%
113,249 Durrës
88%
12,335 Kodër-Thumanë
81%
77,075 Shkodër
79%
79,513 Vlorë
75%
78,703 Elbasan
70%
19,836 Gjirokastër
58%
51,152 Korçë
55%
55,845 Fier
52%
36,496 Berat
48%
16,719 Kukës
44%
17,233 Sarandë
44%
15,510 Lezhë
38%
20,848 Pogradec
30%
11,721 Krujë
28%
31,105 Lushnjë
24%
20,192 Kavajë
17%
66,841 Kamëz
16%
17,086 Laç
16%
13,251 Peshkopi
13%
8,091 Shëngjin
13%
10,901 Vorë
13%
18,477 Fushë-Krujë
12%
12,654 Kuçovë
12%
6,937 Librazhd
12%
10,862 Burrel
10%
7,049 Rrogozhinë
10%
6,695 Cërrik
9%
8,440 Gramsh
9%
15,397 Patos
9%
7,657 Ballsh
8%
8,177 Bulqizë
8%
7,568 Shijak
8%
7,873 Klos
7%
7,232 Ura Vajgurore
7%
8,781 Belsh
6%
6,994 Golem
6%
8,461 Milot
6%
8,445 Divjakë
5%
37,349 Paskuqan
5%
15,966 Sukth
5%
8,117 Vau i Dejës
5%
22,633 Farkë
4%
43,353 Kashar
4%
8,159 Levan
4%
15,284 Mamurras
4%
8,803 Rrëshen
4%
9,389 Zall-Herr
4%
10,700 Bradashesh
3%
14,149 Bushat
3%
20,139 Dajt
3%
7,058 Labinot-Fushë
3%
9,518 Nikël
3%
8,209 Novoselë
3%
24,081 Rrashbull
3%
13,102 Shënkoll
3%
8,731 Shushicë
3%
9,106 Vaqarr
3%
9,883 Bërxullë
2%
15,687 Buçimas
2%
9,022 Bulgarec
2%
11,722 Cakran
2%
7,009 Çërravë
2%
7,788 Dërmenas
2%
7,023 Fier-Shegan
2%
6,820 Frakull
2%
8,116 Gostimë
2%
7,521 Gradishtë
2%
8,890 Gruemirë
2%
8,085 Guri i Zi
2%
6,883 Kastrat
2%
10,161 Katund i Ri
2%
7,564 Krutje
2%
9,643 Kutalli
2%
8,922 Libonik
2%
6,652 Manëz
2%
10,662 Maqellarë
2%
7,460 Mbrostar
2%
6,577 Miras
2%
9,218 Otllak
2%
6,626 Pajovë
2%
9,005 Perondi
2%
7,652 Pirg
2%
10,864 Pojan
2%
8,259 Portëz
2%
7,375 Poshnjë
2%
7,069 Postribë
2%
8,551 Qendër Librazhd
2%
7,621 Qendër, Vlorë
2%
8,211 Qukës
2%
8,421 Rrajcë
2%
21,199 Rrethinat
2%
7,307 Shirgjan
2%
7,538 Strum
2%
10,201 Tërbuf
2%
7,590 Tomin
2%
8,453 Velabisht
2%
7,513 Vreshtas
2%
12,381 Xhafzotaj
2%
7,872 Dushk
1%
No matching quizzes found
Score Distribution
Percent of People with Each Score
Percentile by Number Answered
Your Score History
You have not taken this quiz